000 00467nam a2200181Ia 4500
005 20250317125837.0
008 008 250317s9999 xx 000 0 eng d
037 _aTextbook
040 _aFMSL
_beng
_cFMSL
041 _aeng
_2eng
084 _qFMSL
100 _aSingh S N
245 0 _aPopulation transition in india
260 _aDelhi
_bDelhi, B R Publishing corp.
_c1989
300 _a422p
942 _cTB
999 _c1261220
_d1261220